Sports Quiz

Random Sports Quiz

Bayern Munich 15-16 team Quiz Stats

Quiz not verified by Sporcle

Challenge
Share
Tweet
Embed
Score 0/27 Timer 03:00
0 Plays Today
Hint Answer % Correct
GKNeuer
99.1%
RB CDMLahm
94.4%
CBBoateng
92.5%
RMRobben
92.5%
LBAlaba
91.6%
LMRibery
91.6%
CFMuller
89.7%
STLewandowski
88.8%
CAMGotze
80.4%
RMCosta
79.4%
CMThiago
78.5%
CBMartinez
74.8%
RBRafinha
73.8%
CBBadstuber
73.8%
Hint Answer % Correct
CBBenatia
70.1%
CMVidal
67.3%
LBBernat
66.4%
GKStarke
65.4%
CDMXabi Alonso
60.7%
GKUlreich
56.1%
CMKimmich
56.1%
CDMRode
49.5%
RMGreen
42.1%
GKLucic
15.9%
CMGaudino
14%
CDMKirchhoff
8.4%
LMKurt
8.4%

You're not logged in!

Compare scores with friends on all Sporcle quizzes.
Join for Free
OR
Log In

You Might Also Like...

Show Comments

Extras

Top Quizzes Today


Score Distribution

Your Account Isn't Verified!

In order to create a playlist on Sporcle, you need to verify the email address you used during registration. Go to your Sporcle Settings to finish the process.

Report this User

Report this user for behavior that violates our Community Guidelines.

Details: